00886nam a2200241 a 450000100060000000300080000600500170001400800410003103500190007204000300009104100110012108200180013210000420015024500940019226000510028630000250033750000360036250400430039865100330044194200120047499900170048695201410050335335BD-RjUL20211209052313.0140522s1974 hiu b 001 0 eng  a(BD-RjUL)35429 aLCbengcLCdWLBdBD-RjUL1 aengjpn04a952bISJ 19741 aIshida, Eiichiro,d1903-1968.910763510aJapanese culture :ba study of origins and characteristics /cTranslated by Teruko Kachi. aHonolulu :bUniversity Press of Hawaii,c1974. aix, 156 p. ;c24 cm. aTranslation of Nihon bunka ron. aBibliography: p. [145]-147. and index. 0aJapanxCivilization.9107636 2ddccBK c35335d35335 00102ddc40708NFICaRUCLbRUCLcStackd1979-04-24eJapan Foundation, Gift.l0o952 ISJ 1974r2014-05-22 00:00:00tC-1w2014-05-22yBK